| 000 | 00720 a2200181 4500 | ||
|---|---|---|---|
| 999 |
_c1826 _d1826 |
||
| 020 | _a9780073378343 (pbk. : alk. paper) | ||
| 020 | _a0073378348 (pbk. : alk. paper) | ||
| 050 | 0 | 0 | _aLB1025.3 |
| 100 | 1 | _aHartman, Hope J | |
| 245 | 1 | 2 |
_aA guide to reflective practice for new and experienced teachers / _cHope Hartman. |
| 250 | _a1st ed. | ||
| 264 |
_aNew Delhi: _bMcGrawHill, _c2009 |
||
| 300 |
_ax, 310 p. : _bill. |
||
| 500 | _aIncludes bibliographical references and index. | ||
| 650 | 0 | _aReflective teaching. | |
| 942 |
_2lcc _cBK _h1025.3 _iHAR _kLB |
||